000 00346nam a2200133Ia 4500
008 220217s9999||||xx |||||||||||||| ||und||
082 _a620.1 GOP
100 _aGopalakrishna, K R
245 0 _aMechanical engineering science
250 _a14th
260 _aSubhas stores
_bBangalore
_c2002
300 _a196
_b114
650 _aMECHANICHAL
999 _c169872
_d169872